Healing children's grief surviving a parent's death from cancer
Includes bibliographical references and indexes; Neal A. Newfield, Ph.D., LICSW (Giver)
Na minha lista:
| Autor principal: | |
|---|---|
| Formato: | Livro |
| Idioma: | Undetermined |
| Publicado em: |
New York
Oxford University
2000
|
| Assuntos: | |
| Acesso em linha: | http://lrc.tdmu.edu.vn/opac/search/detail.asp?aID=2&ID=32649 |
| Tags: |
Adicionar Tag
Sem tags, seja o primeiro a adicionar uma tag!
|
| Thư viện lưu trữ: | Trung tâm Học liệu Trường Đại học Thủ Dầu Một |
|---|
| LEADER | 00939nam a2200217Ia 4500 | ||
|---|---|---|---|
| 001 | TDMU_32649 | ||
| 008 | 210410s9999 xx 000 0 und d | ||
| 082 | |a 301 | ||
| 090 | |b C313 | ||
| 100 | |a Christ, Grace Hyslop | ||
| 245 | 0 | |a Healing children's grief | |
| 245 | 0 | |b surviving a parent's death from cancer | |
| 245 | 0 | |c Grace Hyslop Christ | |
| 260 | |a New York | ||
| 260 | |b Oxford University | ||
| 260 | |c 2000 | ||
| 300 | |a xxi, 264 p. | ||
| 520 | |a Includes bibliographical references and indexes; Neal A. Newfield, Ph.D., LICSW (Giver) |d 2017 | ||
| 650 | |a Bereavement in adolescence; Bereavement in children; Children and death; Grief in adolescence; Grief in children; Parents |x Death |x Psychological aspects; Teenagers and death; Cha mẹ |x Cái chết |x Khía cạnh tâm lý | ||
| 856 | |u http://lrc.tdmu.edu.vn/opac/search/detail.asp?aID=2&ID=32649 | ||
| 980 | |a Trung tâm Học liệu Trường Đại học Thủ Dầu Một | ||